000 00690nam a2200265Ia 4500
001 Para_9012
003 CHAP
008 220125s2004 xx 000 0 und d
010 _a207790
040 _cCHAP
082 _aPA 646.7 M3
100 _aMatthews, Andrew
_9174282
245 _aEl libro de los amigos /
_c por Andrew Matthews
260 _aMéxico, D.F. :
_b Selector
300 _a191 p.
650 _aMotivación (psicología)
_979090
650 _aSuperación personal
_9143097
901 _aPA 646.7 M3
902 _aA
905 _a0000002004 0000000000 00
910 _a2004
942 _cPARA
942 _cPARA
_d1
999 _c207790
_d207790